00411nam a2200157Ia 4500100002300000650001200023942000700035654000900042245002700051260002400078082001000102300000800112546001200120999001700132952010400149 aSholokhov/Mikhail  aGeneral cBK aSoil aVirgin Soil Upturned I bProgress Publishers a891.7 a422 aENGLISH c19841d19841 001040708AFTaCRCEbCRCEd2023-03-17g7.70l0o891.7 pAFT1119r2023-03-17v7.70w2023-03-17yBK